00338nam a2200133Ia 4500008004100000020001500041041001200056082001600068100001500084245004600099260003500145300000800180650001600188221030s9999 xx 000 0 und d a8121919797 aEnglish a105.23bJai aR. K. Jain 0aInsight into Flow Chartingcby R. K. Jain bS. Chand & CoaNew Delhic2002 a232 aBE Computer